| Record ID | ia:creatingeffectiv0002whee |
| Source | Internet Archive |
| Download MARC XML | https://archive.org/download/creatingeffectiv0002whee/creatingeffectiv0002whee_marc.xml |
| Download MARC binary | https://www.archive.org/download/creatingeffectiv0002whee/creatingeffectiv0002whee_meta.mrc |
LEADER: 03251cam a22006134a 4500
001 ocm57675886
003 OCoLC
005 20191109071655.9
008 050211s2005 cau b 001 0 eng
010 $a 2005003175
040 $aDLC$beng$cDLC$dBAKER$dNLGGC$dBTCTA$dYDXCP$dLVB$dIG#$dOCLCQ$dHALCL$dTULIB$dOCLCF$dOCLCO$dOCLCQ$dI8M$dOCLCQ$dUKMGB
015 $aGBA538500$2bnb
016 7 $a013190009$2Uk
020 $a1412913764$q(pbk.)
020 $a9781412913768$q(pbk.)
029 1 $aAU@$b000026729834
029 1 $aIG#$b9781412913768
029 1 $aNLGGC$b273045822
029 1 $aNZ1$b9159259
029 1 $aUNITY$b047974850
029 1 $aYDXCP$b2208435
029 1 $aUKMGB$b013190009
035 $a(OCoLC)57675886
042 $apcc
050 00 $aHD66$b.W485 2005
082 00 $a658.4/022$222
084 $a85.08$2bcl
049 $aMAIN
100 1 $aWheelan, Susan A.
245 10 $aCreating effective teams :$ba guide for members and leaders /$cSusan A. Wheelan.
250 $a2nd ed.
260 $aThousand Oaks, Calif. :$bSage Publications,$c©2005.
300 $a151 pages ;$c23 cm
336 $atext$btxt$2rdacontent
337 $aunmediated$bn$2rdamedia
338 $avolume$bnc$2rdacarrier
504 $aIncludes bibliographical references (pages 135-143) and index.
505 0 $aWhy groups? -- Effective organizational support for teams -- From groups to teams: the stages of group development -- How do high performance teams function? -- Effective team members -- Effective team leadership -- Navigating stage 1 -- Surviving stage 2 -- Reorganizing at stage 3 -- Sustaining high performance.
520 1 $a"Creating Effective Teams: A guide for Members and Leaders is a practical guide for building and sustaining top performing teams. Based on the author's many years of consulting experience with teams in the public and private sector, the Second Edition describes why teams are important, how they function, and what makes them productive." "A bestseller in its First Edition, Creating Effective Teams, Second Edition is sure to be a perfect fit for team leaders and members, trainers, managers, consultants, psychologists, military, and educators. Students enrolled in organizational studies, management, human resources, social psychology, education, group studies, leadership, sociology, and communication courses may also benefit from this bestseller."--Jacket.
590 $bInternet Archive - 2
590 $bInternet Archive 2
650 0 $aTeams in the workplace.
650 6 $aÉquipes de travail.
650 7 $aTeams in the workplace.$2fast$0(OCoLC)fst01144679
650 17 $aTeamwork.$2gtt
856 41 $3Table of contents$uhttp://catdir.loc.gov/catdir/toc/ecip057/2005003175.html
856 42 $3Contributor biographical information$uhttp://catdir.loc.gov/catdir/enhancements/fy0734/2005003175-b.html
856 42 $3Publisher description$uhttp://catdir.loc.gov/catdir/enhancements/fy0659/2005003175-d.html
938 $aBaker & Taylor$bBKTY$c38.95$d38.95$i1412913764$n0006274634$sactive
938 $aBaker and Taylor$bBTCP$n2005003175
938 $aIngram$bINGR$n9781412913768
938 $aYBP Library Services$bYANK$n2208435
994 $a92$bERR
976 $a31927000604725